000
00282nam a2200097Ia 4500
008
230508s2012 xx 000 0 und d
041
_a
eng
100
_a
CBS PROBLEMS & SOLUTIONS SERIE
245
_a
PROBLEMS & SOLUTIION IN ELEMENTARY ENGG. DRAW
260
_b
CBS PUBLISHERS & DIS
_c
2012
999
_c
710073
_d
710073